Sterrenbeelden - Statistieken

Algemene statistieken
  • Deze quiz is 2.668 keer genomen
  • De gemiddelde score is 9 van 12
Antwoordstatistieken
Begint Sterrenbeeld % Correct
21 mei Tweelingen
84%
23 juli Leeuw
83%
23 augustus Maagd
80%
19 februari Vissen
78%
23 september Weegschaal
77%
20 april Stier
75%
20 januari Waterman
75%
21 juni Kreeft
73%
21 maart Ram
68%
21 december Steenbok
68%
23 oktober Schorpioen
65%
21 november Boogschutter
64%
Geen overeenkomende quizzen gevonden
Scoreverdeling
Procent van Mensen met Elke Score
Percentiel versus Aantal Correcte Antwoorden
Uw Scoregeschiedenis
U heeft deze quiz nog niet genomen